| 000 | 00598nam a22001697a 4500 | ||
|---|---|---|---|
| 005 | 20231114065729.0 | ||
| 008 | 231114b |||||||| |||| 00| 0 eng d | ||
| 041 | _aEnglish | ||
| 082 | _a345.5 COO | ||
| 100 |
_aCooper, WE and Bamford, BR _lEnglish |
||
| 245 |
_aHandbook on the Criminal Procedure Act and the Criminal Provisions of the Magistrates' Courts Act / _cWE Cooper and BR Bamford |
||
| 250 | _aFirst Edition | ||
| 260 |
_aCape Town : _bJuta and Company Ltd, _c1955 |
||
| 300 |
_b267 pages ; _c25,5 cm. |
||
| 650 |
_aLegal practice _bLaw |
||
| 942 |
_cBK _6ALISON_BN_VRIES |
||
| 999 |
_c597 _d597 |
||